Modelový príklad výpočtu ekonomických prínosov plošnej aplikácie realizačného výstupu úloh v potravinárskom priemysle podľa "Smernice FMTIR č. 9/1980"

Podrobná bibliografia
Hlavný autor: Jurica, Zdeňek 1954- (Autor)
Médium: Článok
Jazyk:slovenčina
Fyzický popis:Tb. 1.
Predmet:

MARC

LEADER 00000nab a2200000 a 4500
001 vtls000326963
003 SK-MaSNL
005 20260305004241.0
008 111202c1987 xo 0 slo
015 |a SNBRA19rr/mm-uuuuu 
035 |a CL0327085 
040 |a SNKBUCL  |b slo  |c SNKBUCL  |e AACR2 
041 0 |a slo 
044 |a xo  |c SK 
080 |a 663/664.001.57:001.92.003  |2 1981 
080 |a 001.92.003  |2 1981 
100 1 |a Jurica, Zdeňek  |d 1954-  |4 aut  |9 25050 
245 1 0 |a Modelový príklad výpočtu ekonomických prínosov plošnej aplikácie realizačného výstupu úloh v potravinárskom priemysle podľa "Smernice FMTIR č. 9/1980"  |c Zdeněk Jurica 
300 |b Tb. 1. 
650 0 7 |a potravinársky priemysel  |2 snkbucl  |9 974 
655 7 |a články zo zborníkov  |2 snkbucl  |9 166140 
773 0 |t Metodický postup vyčíslovania ekonomických prínosov z realizácie vedeckovýskumných poznatkov v praxi  |d Bratislava : ÚVSH, 1987  |g S. 47-55 
850 |a Slovenská národná knižnica v Martine  |a MTA001 
852 |a SNK  |b KIS3GCP 
958 |a RK 
992 |a RZB 
999 |c 3234670  |d 3236600